1796 1398 1955 1080 1826 1330 1892 1383 1614 1854 1422 1014 1579 1594 1392 1520 1387 1410 1044 1580 1758 1829 1772 1882 1313 1615 1578 1297 1001 1532 1137 1581 1970 1867 1482 1884 1355 1890 1923 1513 1506 1972 1759 1241 1159 1153 1826 1822 1726 1810 1134 1448 1404 1617 1108 1564 1258 1699 1804 1776 1714 1260 1663 1334 1771 1598 1837 1395 1384 1569 1141 1107 1668 1415 1746 1435 1120 1999 1779 1173 1477 1455 1817 1555 1862 1693 1256 1401 1606 1396 1008 1812 1526 1913 1144 1855 1856 1936 1159 BCNSPRNW ULIB Ver.6.0+V

เปลี่ยนเป็นภาษาไทย

Change to English
 แสดงรายละเอียดบรรณานุกรม
  กลับหน้าหลัก

Brief Record : Get Marc (ISO 2709) : E-mail record : QR code < ปิดหน้าต่าง
LEADER : 00000nam 2200000uu 4500
001    13399114335
003     ULIB
008    120322s2553||||th 000 0 tha d
020    ^a9786167349046
090    ^aนว.^bม721U 2553
100 0  ^aMagician is Doll
245 00 ^aนายกะล่อนขออ้อนรัก/^cMagician is Doll
250    ^aพิมพ์ครั้งที่ 1
260    ^aกรุงเทพฯ :^bแจ่มใส,^c2553
300    ^a240 หน้า
710 1  ^aแจ่มใส
945    ^p180^l0^i17082
995    ^aกัณชพร
999    ^aใช้งานได้ทุกระบบ
รายการนี้ยังไม่มีแท็ก
คุณยังไม่ได้ล็อกอิน คุณสามารถมีกิจกรรมร่วมกับเว็บไซต์ได้ แต่ต้องล็อกอินก่อน ::
  ล็อกอิน

รายการสื่อสารสนเทศ

ลำดับที่ ประเภท เลขเรียก/บาร์โค้ด สถานที่ สถานะ
1. นวนิยาย
นวนิยาย
นว. ม721U 2553  
  Barcode: 17082
ห้องสมุดวิทยาเขตสวรรค์ประชารักษ์
►นวนิยาย
บนชั้น
  ขอยืม

BibComment


ยังไม่เคยถูกคอมเมนท์

คอมเมนท์ทรัพยากรรายการนี้
  คอมเมนท์: นายกะล่อนขออ้อนร..


 Copyright 2026. Bcnsprnw @Library